[Event "Banff op"]
[Site "Banff CAN"]
[Date "2023.11.10"]
[Round "2.8"]
[White "Huh, Isaak"]
[Black "Aljo, Johan"]
[Result "1/2-1/2"]
[WhiteElo "2219"]
[BlackElo "2057"]
[PlyCount "112"]
[EventDate "2023.11.10"]
[EventType "swiss"]
[EventRounds "6"]
[EventCountry "CAN"]

1. e4 c6 2. d4 d5 3. exd5 cxd5 4. c4 Nf6 5. Nc3 Nc6 6. Bg5 dxc4 7. Bxc4 e6 8.
Nf3 Be7 9. O-O O-O 10. Qd2 Nd5 11. Bxe7 Ncxe7 12. Rad1 Nxc3 13. bxc3 b6 14.
Rfe1 Bb7 15. Ne5 Nd5 16. Bd3 Nf6 17. Re3 Nd7 18. Rh3 f5 19. Nxd7 Qxd7 20. Re1
Rac8 21. Bf1 Bd5 22. Re5 Rf6 23. f4 Qa4 24. Re2 Rf7 25. Qb2 Rfc7 26. Rd2 Qa5
27. Rc2 a6 28. Re3 b5 29. a3 Qa4 30. Rc1 Qb3 31. Qxb3 Bxb3 32. Kf2 Kf7 33. Ke1
Bc4 34. Kd2 Bxf1 35. Rxf1 Rc4 36. Rd3 Ra4 37. Ra1 Ke7 38. Kc2 Rac4 39. Kb3 Kd7
40. Re1 h6 41. d5 Rxf4 42. dxe6+ Ke8 43. Rd7 Rg4 44. g3 a5 45. Rd5 Rgc4 46. Re3
R4c5 47. Rd7 g5 48. Rh7 f4 49. Rd3 Rf5 50. Rxh6 Rc6 51. gxf4 gxf4 52. Rf3 Ke7
53. Rh4 Rc4 54. Rh6 Rc6 55. Rh4 Rc4 56. Rh6 Rc6 1/2-1/2

[Event "Banff op"]
[Site "Banff CAN"]
[Date "2023.11.10"]
[Round "2.9"]
[White "Khodjimatov, Sherzod"]
[Black "Montalti, Gianluca"]
[Result "1-0"]
[WhiteElo "2321"]
[BlackElo "1666"]
[PlyCount "55"]
[EventDate "2023.11.10"]
[EventType "swiss"]
[EventRounds "6"]
[EventCountry "CAN"]

1. e4 c5 2. Nc3 e6 3. Nf3 Nc6 4. g3 a6 5. Bg2 Nf6 6. d3 Be7 7. O-O d6 8. Ng5 h6
9. Nh3 Qb6 10. Kh1 Bd7 11. f4 O-O-O 12. f5 Ne5 13. Nf4 g5 14. fxg6 Nxg6 15.
Nxg6 fxg6 16. Qe2 Rdf8 17. Rb1 Ne8 18. Rxf8 Bxf8 19. Be3 Bg7 20. Qd2 Nf6 21. b4
Ng4 22. bxc5 Bxc3 23. cxb6 Bxd2 24. Bxd2 g5 25. Bb4 Ba4 26. Bxd6 e5 27. Bh3 Kd7
28. Bxe5 1-0

[Event "Banff op"]
[Site "Banff CAN"]
[Date "2023.11.10"]
[Round "2.10"]
[White "Malek, Omid"]
[Black "Chen, Ryan"]
[Result "1-0"]
[WhiteElo "2252"]
[BlackElo "1973"]
[PlyCount "83"]
[EventDate "2023.11.10"]
[EventType "swiss"]
[EventRounds "6"]
[EventCountry "CAN"]

1. d4 d5 2. Nc3 Nf6 3. Bf4 e6 4. Nb5 Na6 5. e3 Be7 6. h4 O-O 7. h5 c6 8. Nc3
Qa5 9. a3 c5 10. Bd3 c4 11. Bf1 b5 12. Nge2 Bd7 13. f3 h6 14. g4 Nh7 15. Bg2
Bc6 16. O-O Rad8 17. Qe1 Qb6 18. Qg3 Rd7 19. Kh1 Qd8 20. e4 dxe4 21. fxe4 Nf6
22. Bf3 b4 23. axb4 Nxb4 24. Rac1 Nh7 25. Qf2 Ng5 26. Bg2 Qa8 27. Ng3 Rfd8 28.
Rcd1 Bd6 29. Bxd6 Rxd6 30. Rd2 R8d7 31. Rfd1 a6 32. d5 exd5 33. Qc5 Qb8 34. Nf5
Rf6 35. exd5 Ba8 36. Qxc4 g6 37. Qd4 Nh7 38. Ne4 Nxd5 39. Nc5 Rc7 40. hxg6 fxg6
41. Bxd5+ Kf8 42. Ne6+ 1-0

[Event "Banff op"]
[Site "Banff CAN"]
[Date "2023.11.10"]
[Round "2.11"]
[White "Radic, Dejan"]
[Black "Bulga, Tamir"]
[Result "0-1"]
[WhiteElo "1765"]
[BlackElo "1854"]
[PlyCount "44"]
[EventDate "2023.11.10"]
[EventType "swiss"]
[EventRounds "6"]
[EventCountry "CAN"]

1. e4 c5 2. Nc3 e6 3. Nge2 Nc6 4. g3 Nge7 5. Bg2 Nd4 6. Nxd4 cxd4 7. Ne2 Nc6 8.
O-O Bc5 9. d3 O-O 10. f4 d6 11. a3 a5 12. Qe1 Ne7 13. g4 f5 14. gxf5 exf5 15.
Kh1 Ng6 16. exf5 Ne7 17. Ng3 d5 18. Bd2 a4 19. Bb4 Bxb4 20. Qxb4 Nc6 21. Qb5
Ra5 22. Bxd5+ Qxd5+ 0-1

[Event "Banff op"]
[Site "Banff CAN"]
[Date "2023.11.10"]
[Round "2.12"]
[White "Nechio, Douglas"]
[Black "Burrows, Zachary"]
[Result "1-0"]
[WhiteElo "1838"]
[BlackElo "2156"]
[PlyCount "113"]
[EventDate "2023.11.10"]
[EventType "swiss"]
[EventRounds "6"]
[EventCountry "CAN"]

1. e4 c5 2. Nf3 Nc6 3. Nc3 g6 4. d4 cxd4 5. Nxd4 Bg7 6. Be3 Nf6 7. Nb3 O-O 8.
f3 d6 9. Qd2 Be6 10. O-O-O Rc8 11. h4 Nb4 12. Kb1 Qc7 13. Nd4 Qa5 14. a3 Na6
15. Nxe6 fxe6 16. Nd5 Qxd2 17. Nxf6+ Bxf6 18. Rxd2 Nc5 19. h5 g5 20. e5 dxe5
21. b4 Na4 22. Rd7 Rfd8 23. Rxd8+ Rxd8 24. Bc4 Kf7 25. Kc1 Nc3 26. Bd3 Nd5 27.
Bd2 h6 28. g3 Nb6 29. Be4 Nc4 30. Rd1 g4 31. Bxh6 Rxd1+ 32. Kxd1 gxf3 33. Bxb7
f2 34. Ke2 Nxa3 35. Be4 Nb5 36. Kxf2 Nd6 37. Bg6+ Kg8 38. Be3 a6 39. Bd3 e4 40.
Bxa6 Nf5 41. c4 Be5 42. g4 Bg3+ 43. Ke2 Nd6 44. c5 Ne8 45. g5 Nc7 46. Bb7 Nd5
47. Bxd5 exd5 48. c6 Bd6 49. Bc5 Bc7 50. Bxe7 d4 51. Bc5 d3+ 52. Kd2 Bf4+ 53.
Be3 Bd6 54. Kc3 Be5+ 55. Kc4 Bc7 56. Kd4 Bb6+ 57. Kxe4 1-0

[Event "Banff op"]
[Site "Banff CAN"]
[Date "2023.11.10"]
[Round "2.17"]
[White "Jin, Eric"]
[Black "Jackson, Mateo"]
[Result "0-1"]
[WhiteElo "1956"]
[BlackElo "1774"]
[PlyCount "166"]
[EventDate "2023.11.10"]
[EventType "swiss"]
[EventRounds "6"]
[EventCountry "CAN"]

1. d4 Nf6 2. Nf3 g6 3. Bf4 d6 4. c3 Bg7 5. h3 Nbd7 6. Nbd2 b6 7. e4 e6 8. Be2
h6 9. O-O Bb7 10. Qc2 O-O 11. a4 a5 12. b4 Qe7 13. Rfb1 Rfb8 14. Bd3 c5 15.
bxc5 bxc5 16. Nc4 Ne8 17. Rb5 cxd4 18. cxd4 Ba6 19. Rxb8 Rxb8 20. Nxa5 Bxd3 21.
Qxd3 Qf6 22. Qe3 e5 23. Bxh6 Bxh6 24. Qxh6 exd4 25. Nc6 d3 26. Rc1 Rb2 27. Qe3
Qe6 28. Qxd3 Nc5 29. Qc4 Nxe4 30. Qxe6 fxe6 31. Ra1 Rb6 32. Nfd4 Nc7 33. a5 Ra6
34. Nb4 Ra8 35. a6 Nc5 36. a7 e5 37. Ndc6 Nb3 38. Na6 Nb5 39. Rb1 Nxa7 40. Nc7
Nxc6 41. Nxa8 Ncd4 42. Nc7 Kf7 43. Nb5 Ke6 44. Nxd4+ Nxd4 45. Kf1 Kf5 46. Ke1
Ne6 47. Rb6 d5 48. g4+ Kf6 49. Kd2 e4 50. Ke3 Ke5 51. Rb5 Nf4 52. h4 Ng2+ 53.
Ke2 Nxh4 54. Rb8 g5 55. Rf8 Kd4 56. Rg8 Nf3 57. Rf8 Nh4 58. Rg8 Nf3 59. Rf8 Nh4
60. Rg8 Nf3 61. Re8 Nh2 62. Rh8 Nf3 63. Rh7 Ne5 64. Ra7 Nf3 65. Ra5 Nh2 66. Ra3
Nf3 67. Ra1 Ke5 68. Ra5 Nh2 69. Rb5 Nxg4 70. f3 Nh6 71. fxe4 Kxe4 72. Rb6 Nf5
73. Rg6 Kf4 74. Kf2 g4 75. Re6 g3+ 76. Ke1 d4 77. Kd2 g2 78. Re1 Ne3 79. Rg1
Ke4 80. Ke2 d3+ 81. Kd2 Kd4 82. Ra1 Nf1+ 83. Rxf1 gxf1=N+ 0-1

[Event "Banff op"]
[Site "Banff CAN"]
[Date "2023.11.10"]
[Round "2.18"]
[White "Wu, Nicholas"]
[Black "Zacharias, Nicholas"]
[Result "0-1"]
[WhiteElo "1710"]
[BlackElo "1905"]
[PlyCount "80"]
[EventDate "2023.11.10"]
[EventType "swiss"]
[EventRounds "6"]
[EventCountry "CAN"]

1. d4 d6 2. Bf4 Nf6 3. Nc3 Nbd7 4. e4 e5 5. Be3 c6 6. Nf3 Qc7 7. h3 Be7 8. Qd2
b5 9. Bd3 Bb7 10. g4 Nb6 11. g5 Nfd7 12. Nh4 b4 13. Nd1 c5 14. d5 g6 15. b3 h6
16. Nf3 hxg5 17. Nxg5 Bxg5 18. Bxg5 f6 19. Be3 O-O-O 20. Nb2 f5 21. Bg5 Rdf8
22. f3 Nf6 23. O-O-O Nh5 24. h4 Ng3 25. Rhg1 f4 26. Nc4 Nxc4 27. Bxc4 a6 28.
Qd3 Qb6 29. Qd2 Kc7 30. Qg2 Ra8 31. Qh3 Bc8 32. Qg2 Bd7 33. Kb2 a5 34. Qf2 a4
35. Ra1 Bb5 36. Bxb5 Qxb5 37. Qh2 Rhe8 38. Qh3 Qe2 39. Qg4 Qe3 40. Bh6 a3+ 0-1

[Event "Banff op"]
[Site "Banff CAN"]
[Date "2023.11.11"]
[Round "3.2"]
[White "Ginsburg, Mark"]
[Black "Huh, Isaak"]
[Result "1-0"]
[WhiteElo "2374"]
[BlackElo "2219"]
[PlyCount "45"]
[EventDate "2023.11.10"]
[EventType "swiss"]
[EventRounds "6"]
[EventCountry "CAN"]

1. c4 Nf6 2. Nc3 e5 3. Nf3 Nc6 4. g3 g6 5. d4 exd4 6. Nxd4 Bg7 7. Bg2 O-O 8.
O-O Nxd4 9. Qxd4 d6 10. Qh4 Qd7 11. h3 h5 12. Be3 a6 13. Rad1 Qe6 14. Bd4 c6
15. f4 Bd7 16. e4 c5 17. f5 Qe7 18. Be3 Bc6 19. g4 hxg4 20. hxg4 Bh8 21. Bg5
Rad8 22. Rd3 Qe5 23. Rh3 1-0

[Event "Banff op"]
[Site "Banff CAN"]
[Date "2023.11.11"]
[Round "3.4"]
[White "Leong, Aiden"]
[Black "Khodjimatov, Sherzod"]
[Result "0-1"]
[WhiteElo "2079"]
[BlackElo "2321"]
[PlyCount "55"]
[EventDate "2023.11.10"]
[EventType "swiss"]
[EventRounds "6"]
[EventCountry "CAN"]

1. Nf3 Nf6 2. g3 c5 3. Bg2 g6 4. O-O Bg7 5. d4 cxd4 6. Nxd4 Nc6 7. c4 Qb6 8.
Nb5 a6 9. Be3 Qa5 10. Bxc6 bxc6 11. b4 Qd8 12. Nd4 Ng4 13. Nc3 Nxe3 14. fxe3 d6
15. Rc1 Bh3 16. Rf2 c5 17. Nc6 Qd7 18. Qa4 Bxc3 19. Rxc3 cxb4 20. Rb3 Rc8 21.
Qxa6 Qxc6 22. Qxc6+ Rxc6 23. Rxb4 O-O 24. Rf4 g5 25. Rd4 Ra8 26. g4 Rxa2 27.
Kf2 e5 28. Ke1 0-1

[Event "Banff op"]
[Site "Banff CAN"]
[Date "2023.11.11"]
[Round "3.5"]
[White "Bulga, Tamir"]
[Black "Chandra, Anand Rishi"]
[Result "1/2-1/2"]
[WhiteElo "1854"]
[BlackElo "2283"]
[PlyCount "110"]
[EventDate "2023.11.10"]
[EventType "swiss"]
[EventRounds "6"]
[EventCountry "CAN"]

1. e4 e5 2. f4 d5 3. exd5 exf4 4. Nf3 Nf6 5. c4 c6 6. d4 Bb4+ 7. Nc3 cxd5 8.
Bd3 O-O 9. O-O Nc6 10. Bxf4 Bg4 11. c5 Ne4 12. Ne2 f5 13. a3 Ba5 14. b4 Bc7 15.
Bxc7 Qxc7 16. b5 Ne7 17. Ne5 Bh5 18. Qc1 Bxe2 19. Bxe2 Ng6 20. Nxg6 hxg6 21.
Bf3 Rae8 22. Re1 Rf6 23. a4 Kf7 24. Qe3 Rfe6 25. Qb3 Rh8 26. g3 Kf6 27. Bxe4
dxe4 28. Qc3 Rd8 29. Rac1 Kg5 30. Qd2+ f4 31. d5 Ree8 32. d6 Qf7 33. Rf1 e3 34.
gxf4+ Kh6 35. Qd3 Qe6 36. f5 gxf5 37. Qxf5 Qxf5 38. Rxf5 e2 39. Kf2 b6 40. Rd5
bxc5 41. Ke1 Re4 42. d7 g6 43. a5 c4 44. b6 axb6 45. axb6 c3 46. Rc2 Re6 47.
Rxe2 c2 48. Rc5 Rxb6 49. Rexc2 Rxd7 50. Kf2 Rf6+ 51. Kg2 Rd4 52. R5c4 Rxc4 53.
Rxc4 Kh5 54. Kg3 g5 55. h4 gxh4+ 1/2-1/2

[Event "Banff op"]
[Site "Banff CAN"]
[Date "2023.11.11"]
[Round "3.7"]
[White "Aljo, Johan"]
[Black "Malek, Omid"]
[Result "1-0"]
[WhiteElo "2057"]
[BlackElo "2252"]
[PlyCount "109"]
[EventDate "2023.11.10"]
[EventType "swiss"]
[EventRounds "6"]
[EventCountry "CAN"]

1. d4 f5 2. Nc3 d5 3. Bf4 Nf6 4. e3 e6 5. Nb5 Na6 6. a3 Be7 7. Nf3 O-O 8. Be2
Bd7 9. O-O Bxb5 10. Bxb5 Nb8 11. Ne5 c6 12. Bd3 Nbd7 13. c4 Nxe5 14. Bxe5 Ng4
15. Bg3 Bd6 16. Qf3 Bxg3 17. Qxg3 Qf6 18. h3 Nh6 19. Rad1 Nf7 20. h4 Kh8 21. f4
g6 22. c5 h6 23. b4 Rg8 24. Kf2 Rg7 25. a4 a6 26. Rh1 Kg8 27. Qh3 Qe7 28. Rb1
a5 29. b5 b6 30. cxb6 cxb5 31. Bxb5 Rb8 32. Be2 Qd8 33. g4 Nd6 34. gxf5 Ne4+
35. Ke1 gxf5 36. Bf3 Rg3 37. Qf1 Qc8 38. Bxe4 Qc3+ 39. Kd1 dxe4 40. Rg1 Qxe3
41. Rxg3+ Qxg3 42. Kd2 Kh8 43. b7 Kh7 44. Qb5 Qxf4+ 45. Kc3 Qc7+ 46. Kd2 f4 47.
h5 Rg8 48. Qc5 Qd7 49. b8=Q Rg2+ 50. Ke1 Qg7 51. Rb7 Rg1+ 52. Kd2 e3+ 53. Kc2
e2 54. Rxg7+ Rxg7 55. Qce5 1-0

[Event "Banff op"]
[Site "Banff CAN"]
[Date "2023.11.11"]
[Round "3.8"]
[White "Jiang, Brian"]
[Black "Booker, Brad"]
[Result "1-0"]
[WhiteElo "2233"]
[BlackElo "2101"]
[PlyCount "85"]
[EventDate "2023.11.10"]
[EventType "swiss"]
[EventRounds "6"]
[EventCountry "CAN"]

1. c4 Nf6 2. Nc3 g6 3. d4 Bg7 4. e4 d6 5. f3 O-O 6. Be3 c5 7. dxc5 dxc5 8. Qxd8
Rxd8 9. Bxc5 Nc6 10. Nge2 b6 11. Ba3 Ba6 12. Nb5 Rdc8 13. Rc1 Bh6 14. Rc3 Bb7
15. Ned4 Bf8 16. Nxc6 Bxc6 17. Bd3 Nd7 18. Ke2 Nc5 19. Rd1 Ne6 20. Bc2 a6 21.
Nd4 Nxd4+ 22. Rxd4 Bg7 23. Rcd3 Bxd4 24. Rxd4 Kf8 25. e5 Rd8 26. Rh4 h5 27. Rf4
Ke8 28. e6 fxe6 29. Bxg6+ Kd7 30. Rf7 Rg8 31. Rxe7+ Kd8 32. Rxe6 Be8 33. Be4
Ra7 34. g3 b5 35. Bc5 Rag7 36. Bd4 Bf7 37. Rxa6 Bxc4+ 38. Ke3 Rd7 39. b3 Bf7
40. Bb6+ Ke7 41. Bc5+ Kd8 42. Bd6 Ke8 43. Ra8+ 1-0

[Event "Banff op"]
[Site "Banff CAN"]
[Date "2023.11.11"]
[Round "3.9"]
[White "Haessel, Dale"]
[Black "Alpuri, Aaqil"]
[Result "1-0"]
[WhiteElo "2150"]
[BlackElo "1793"]
[PlyCount "63"]
[EventDate "2023.11.10"]
[EventType "swiss"]
[EventRounds "6"]
[EventCountry "CAN"]

1. d4 d5 2. c4 c6 3. Nc3 Nf6 4. e3 e6 5. Nf3 Be7 6. Bd3 dxc4 7. Bxc4 O-O 8. e4
b5 9. Bd3 a6 10. O-O Bb7 11. Qe2 Nbd7 12. e5 Nd5 13. Qe4 g6 14. Bh6 Re8 15.
Nxd5 exd5 16. Qg4 Nf8 17. Rac1 Ne6 18. h4 Bf8 19. Bxf8 Rxf8 20. h5 Qe8 21. Bf5
Bc8 22. Bxe6 Bxe6 23. Qh4 Rc8 24. Rc5 Qd8 25. Qf4 f6 26. hxg6 hxg6 27. Qh6 Rc7
28. Rfc1 Rh7 29. Qxg6+ Rg7 30. Qh6 fxe5 31. Qxe6+ Kh8 32. Rxc6 1-0

[Event "Banff op"]
[Site "Banff CAN"]
[Date "2023.11.11"]
[Round "3.10"]
[White "Zacharias, Nicholas"]
[Black "Wu, Jonathan"]
[Result "0-1"]
[WhiteElo "1905"]
[BlackElo "2151"]
[PlyCount "56"]
[EventDate "2023.11.10"]
[EventType "swiss"]
[EventRounds "6"]
[EventCountry "CAN"]

1. e4 c5 2. Nf3 d6 3. Bb5+ Nd7 4. O-O a6 5. Bxd7+ Bxd7 6. c3 Nf6 7. Re1 e6 8.
d4 Be7 9. Nbd2 O-O 10. Nf1 Bc6 11. Ng3 Re8 12. Bg5 Rc8 13. h4 h6 14. Bf4 b5 15.
h5 Qb6 16. Qd2 b4 17. e5 dxe5 18. Bxh6 gxh6 19. Qxh6 Nh7 20. Rxe5 Bf6 21. Ng5
Bxg5 22. Rxg5+ Nxg5 23. Qxg5+ Kh7 24. Nf5 exf5 25. Qxf5+ Kg8 26. dxc5 Qd8 27.
Qg4+ Kh8 28. Qf4 Qd5 0-1

[Event "Banff op"]
[Site "Banff CAN"]
[Date "2023.11.11"]
[Round "3.11"]
[White "Jackson, Mateo"]
[Black "Dorn, Paris"]
[Result "0-1"]
[WhiteElo "1774"]
[BlackElo "2142"]
[PlyCount "102"]
[EventDate "2023.11.10"]
[EventType "swiss"]
[EventRounds "6"]
[EventCountry "CAN"]

1. e4 e5 2. Nf3 Nc6 3. d4 exd4 4. Nxd4 Nf6 5. Nxc6 bxc6 6. e5 Qe7 7. Qe2 Nd5 8.
h4 a5 9. Bg5 Qb4+ 10. c3 Qb6 11. Qc2 h6 12. Bc1 Bc5 13. Bd3 Ba6 14. O-O Bxd3
15. Qxd3 O-O 16. Nd2 Rae8 17. Qg3 Re6 18. Ne4 Be7 19. c4 Nb4 20. Be3 c5 21.
Rad1 Qc6 22. Nc3 Nc2 23. Nd5 Bd8 24. f4 f5 25. Bf2 d6 26. Rd2 Nd4 27. b3 dxe5
28. fxe5 Rg6 29. Qh3 Rg4 30. Bg3 Qe6 31. Rdf2 h5 32. Ne3 Rg6 33. Nxf5 Rxf5 34.
Rxf5 Be7 35. Kh2 Nxf5 36. Qxf5 Qxf5 37. Rxf5 a4 38. Rf3 a3 39. Rd3 Rg4 40. Kh3
Rd4 41. Rf3 Rd2 42. Rf2 Rd3 43. Rf3 Rd2 44. Rf2 Rb2 45. Kh2 g5 46. hxg5 Bxg5
47. Rf5 Be7 48. e6 Rxa2 49. Bxc7 Re2 50. Be5 Rxe5 51. Rxe5 Bd6 0-1

[Event "Banff op"]
[Site "Banff CAN"]
[Date "2023.11.11"]
[Round "3.12"]
[White "Pottinger, Carl"]
[Black "Boehmer, Kris"]
[Result "0-1"]
[WhiteElo "1743"]
[BlackElo "2053"]
[PlyCount "70"]
[EventDate "2023.11.10"]
[EventType "swiss"]
[EventRounds "6"]
[EventCountry "CAN"]

1. d4 d5 2. Nf3 Nf6 3. Bf4 c5 4. e3 Nc6 5. Nbd2 Bf5 6. c3 Qb6 7. Qb3 c4 8. Qxb6
axb6 9. Be2 b5 10. O-O b4 11. cxb4 Nxb4 12. a3 Nd3 13. Bxd3 Bxd3 14. Rfe1 e6
15. Ne5 Bf5 16. h3 h6 17. g4 Bh7 18. Nf1 Nd7 19. Nxd7 Kxd7 20. Nd2 b5 21. Nf3
f6 22. h4 g5 23. hxg5 hxg5 24. Bg3 Be4 25. Nh2 Rh3 26. Re2 Be7 27. Kf1 Rah8 28.
Ke1 Rxh2 29. Bxh2 Rxh2 30. Kd2 Bd3 31. Rae1 b4 32. f4 Rxe2+ 33. Rxe2 Bxe2 34.
Kxe2 bxa3 35. bxa3 Bxa3 0-1

[Event "Banff op"]
[Site "Banff CAN"]
[Date "2023.11.11"]
[Round "3.13"]
[White "Bai, Jinghui"]
[Black "Nechio, Douglas"]
[Result "1/2-1/2"]
[WhiteElo "2002"]
[BlackElo "1838"]
[PlyCount "104"]
[EventDate "2023.11.10"]
[EventType "swiss"]
[EventRounds "6"]
[EventCountry "CAN"]

1. c4 Nf6 2. Nc3 d5 3. cxd5 Nxd5 4. g3 g6 5. Bg2 Nb6 6. Nf3 Bg7 7. d4 Nc6 8.
Be3 O-O 9. b3 e5 10. dxe5 Nxe5 11. Rc1 Qxd1+ 12. Nxd1 c6 13. Nxe5 Bxe5 14. Bc5
Re8 15. f4 Bg7 16. e4 Bf5 17. Nf2 Bxe4 18. Nxe4 f5 19. O-O fxe4 20. Rfe1 e3 21.
Rcd1 e2 22. Rd3 Nd5 23. Bxd5+ cxd5 24. Kf2 b6 25. Bd4 Bxd4+ 26. Rxd4 Rad8 27.
Rxe2 Rxe2+ 28. Kxe2 Kf7 29. Rd2 Ke6 30. Rc2 Kd6 31. Kd3 a5 32. Re2 Rc8 33. Re1
b5 34. Kd2 b4 35. Re3 h5 36. Re5 Rc6 37. Rg5 Kc5 38. Kd3 Rf6 39. Ke3 a4 40. Kd3
axb3 41. axb3 Ra6 42. f5 gxf5 43. Rxh5 Ra3 44. Rxf5 Rxb3+ 45. Kc2 Ra3 46. Kb2
Kc4 47. g4 Rb3+ 48. Kc1 Rc3+ 49. Kb1 d4 50. g5 Rb3+ 51. Kc1 Rc3+ 52. Kb1 Rb3+
1/2-1/2

[Event "Banff op"]
[Site "Banff CAN"]
[Date "2023.11.11"]
[Round "3.14"]
[White "Montalti, Gianluca"]
[Black "Darvekar, Yash"]
[Result "0-1"]
[WhiteElo "1740"]
[BlackElo "2001"]
[PlyCount "106"]
[EventDate "2023.11.10"]
[EventType "swiss"]
[EventRounds "6"]
[EventCountry "CAN"]

1. e4 c5 2. Nf3 d6 3. d4 cxd4 4. Nxd4 Nf6 5. Nc3 a6 6. h3 e5 7. Nde2 Be7 8. g4
h6 9. Be3 Be6 10. Bg2 Nbd7 11. a4 Rc8 12. a5 Qc7 13. O-O O-O 14. Qd2 Rfd8 15.
Ng3 Nc5 16. f4 d5 17. exd5 e4 18. Qf2 Nxd5 19. Nxd5 Bxd5 20. Nf5 Bf6 21. Nd4
Rd7 22. Rfe1 Qd8 23. Qe2 Bc4 24. Qxc4 Nd3 25. Ne6 Rxc4 26. Nxd8 Nxe1 27. Rxe1
Bxd8 28. c3 Bxa5 29. Kf2 b5 30. b4 Bd8 31. Ra1 Rxc3 32. Bxe4 Re7 33. Kf3 Bb6
34. Re1 Bxe3 35. Rxe3 Rxe3+ 36. Kxe3 Rd7 37. Bd3 Kf8 38. Kd2 Ke7 39. Kc3 Kd8
40. Bf5 Rd6 41. Be4 Kc7 42. Bf5 Kb6 43. Bc2 a5 44. bxa5+ Kxa5 45. f5 f6 46. Bb3
Rc6+ 47. Kb2 Kb4 48. h4 Rc3 49. Bd1 Rh3 50. h5 Rh2+ 51. Kc1 Kc3 52. Kb1 Rh1 53.
Kc1 Rxd1+ 0-1

[Event "Banff op"]
[Site "Banff CAN"]
[Date "2023.11.11"]
[Round "3.15"]
[White "Bresler, Joshua"]
[Black "Suominen, David"]
[Result "0-1"]
[WhiteElo "1609"]
[BlackElo "1968"]
[PlyCount "72"]
[EventDate "2023.11.10"]
[EventType "swiss"]
[EventRounds "6"]
[EventCountry "CAN"]

1. d4 d5 2. Nf3 Nf6 3. g3 e6 4. Bg2 Be7 5. Nbd2 b6 6. b3 Bb7 7. Bb2 c5 8. c4
dxc4 9. dxc5 cxb3 10. Nxb3 bxc5 11. Qxd8+ Bxd8 12. Rc1 Nbd7 13. Nxc5 Nxc5 14.
Rxc5 Bb6 15. Rg5 Kf8 16. O-O h6 17. Ba3+ Kg8 18. Rb5 Rc8 19. Rb2 Kh7 20. Ne5
Bxg2 21. Kxg2 Bd4 22. Rb5 Bxe5 23. Rxe5 Rc2 24. Ra1 Rb8 25. e3 Rxf2+ 26. Kxf2
Ng4+ 27. Kg1 Nxe5 28. Bd6 Rb5 29. e4 Nc4 30. a4 Rb2 31. Bc5 a6 32. Bd4 Rd2 33.
Bc3 Rc2 34. Bd4 Nd2 35. Rd1 Nf3+ 36. Kh1 Rxh2# 0-1

[Event "Banff op"]
[Site "Banff CAN"]
[Date "2023.11.11"]
[Round "3.17"]
[White "Harms, Reece"]
[Black "Radic, Dejan"]
[Result "1-0"]
[WhiteElo "1833"]
[BlackElo "1765"]
[PlyCount "35"]
[EventDate "2023.11.10"]
[EventType "swiss"]
[EventRounds "6"]
[EventCountry "CAN"]

1. e4 c5 2. Nc3 g6 3. d4 cxd4 4. Qxd4 Nf6 5. Be3 Nc6 6. Qd2 Bg7 7. f3 O-O 8.
Nge2 d6 9. Bh6 Qa5 10. O-O-O Be6 11. Kb1 Rac8 12. h4 Ne5 13. h5 Nc4 14. Qc1 Rc6
15. Bxg7 Kxg7 16. hxg6 Rb6 17. Qh6+ Kg8 18. gxh7+ 1-0

[Event "Banff op"]
[Site "Banff CAN"]
[Date "2023.11.11"]
[Round "3.18"]
[White "Burrows, Zachary"]
[Black "Yu, Ryan Bole"]
[Result "1-0"]
[WhiteElo "2156"]
[BlackElo "1727"]
[PlyCount "61"]
[EventDate "2023.11.10"]
[EventType "swiss"]
[EventRounds "6"]
[EventCountry "CAN"]

1. e4 e5 2. Nf3 Nc6 3. Bb5 Nf6 4. Nc3 d6 5. d4 a6 6. Bxc6+ bxc6 7. dxe5 Nd7 8.
Bg5 Be7 9. Bxe7 Qxe7 10. exd6 cxd6 11. Qd4 O-O 12. O-O-O Qd8 13. Qxd6 Qb6 14.
Qd4 c5 15. Qd6 Qb4 16. Nd5 Qa4 17. a3 Kh8 18. Nc3 Qa5 19. Ne5 c4 20. Rd5 Qb6
21. Nxd7 Qxd6 22. Rxd6 Rd8 23. Rhd1 Bxd7 24. Rxd7 Rf8 25. Rc7 Rac8 26. Rdd7
Rxc7 27. Rxc7 f6 28. Rxc4 Kg8 29. Rc7 Rf7 30. Rxf7 Kxf7 31. Kd2 1-0

[Event "Banff op"]
[Site "Banff CAN"]
[Date "2023.11.11"]
[Round "3.19"]
[White "Koperski, Dustin"]
[Black "Jin, Eric"]
[Result "1-0"]
[WhiteElo "1827"]
[BlackElo "1956"]
[PlyCount "117"]
[EventDate "2023.11.10"]
[EventType "swiss"]
[EventRounds "6"]
[EventCountry "CAN"]

1. e4 e6 2. d4 d5 3. Nd2 dxe4 4. Nxe4 Nd7 5. Bd3 Ngf6 6. Nf3 Be7 7. O-O O-O 8.
Bf4 b6 9. Qe2 Bb7 10. Rad1 h6 11. h3 Nxe4 12. Bxe4 Bxe4 13. Qxe4 Bd6 14. c4 Nf6
15. Qe3 Bxf4 16. Qxf4 Qd6 17. Ne5 Rad8 18. Rd2 Nd7 19. Rfd1 f6 20. Ng6 Qxf4 21.
Nxf4 Rfe8 22. d5 e5 23. Ne6 Rc8 24. b3 Kf7 25. Kf1 Nf8 26. Nxf8 Rxf8 27. d6 c5
28. d7 Rcd8 29. Rd6 Ke7 30. a4 Rb8 31. a5 Rfd8 32. a6 b5 33. Rc6 Rxd7 34. Rc1
bxc4 35. bxc4 Rb4 36. Rxc5 Ra4 37. Rc6 Kd8 38. Rb1 Ke8 39. Rb7 Rd4 40. Rc8+ Rd8
41. Rxd8+ Kxd8 42. Rxa7 Kc8 43. c5 Kb8 44. Rxg7 Rxa6 45. Rg6 h5 46. Rh6 Kc7 47.
Rxh5 Kc6 48. f4 Kd5 49. fxe5 fxe5 50. g4 Kd4 51. Rf5 Ra2 52. c6 Rc2 53. Rf6 Ke3
54. g5 e4 55. g6 Rc1+ 56. Kg2 Rc5 57. h4 Kd2 58. g7 Rc2 59. Rf2+ 1-0

[Event "Banff op"]
[Site "Banff CAN"]
[Date "2023.11.11"]
[Round "3.20"]
[White "Xu, Joey"]
[Black "Pivovarov, Juraj"]
[Result "1-0"]
[WhiteElo "1800"]
[BlackElo "1903"]
[PlyCount "49"]
[EventDate "2023.11.10"]
[EventType "swiss"]
[EventRounds "6"]
[EventCountry "CAN"]

1. e4 c5 2. Nc3 Nc6 3. Bb5 Nd4 4. Bc4 e6 5. Nge2 Qc7 6. d3 a5 7. a4 Rb8 8. O-O
Ne7 9. Bf4 d6 10. Bb5+ Bd7 11. Bxd7+ Qxd7 12. Bg3 Ng6 13. f4 e5 14. Nd5 Nxe2+
15. Qxe2 exf4 16. Bxf4 Nxf4 17. Rxf4 Be7 18. Qh5 O-O 19. Raf1 Bd8 20. R1f3 b5
21. Nf6+ Bxf6 22. Rxf6 gxf6 23. Rg3+ Kh8 24. Qh6 Qe6 25. Qg7# 1-0

[Event "Banff op"]
[Site "Banff CAN"]
[Date "2023.11.11"]
[Round "4.1"]
[White "Khodjimatov, Sherzod"]
[Black "Ginsburg, Mark"]
[Result "1/2-1/2"]
[WhiteElo "2321"]
[BlackElo "2374"]
[PlyCount "94"]
[EventDate "2023.11.10"]
[EventType "swiss"]
[EventRounds "6"]
[EventCountry "CAN"]

1. e4 g6 2. g3 Bg7 3. Bg2 c5 4. Nc3 Nc6 5. d3 d6 6. f4 Nf6 7. Nf3 Bg4 8. h3
Bxf3 9. Qxf3 O-O 10. O-O Rb8 11. a4 a6 12. Ne2 Nd7 13. h4 Nd4 14. Nxd4 cxd4 15.
a5 Rc8 16. Rf2 Rc7 17. Bh3 e6 18. b3 Rc5 19. f5 Rxa5 20. Rxa5 Qxa5 21. fxe6 Ne5
22. Qd1 Qa1 23. Qf1 f6 24. Kg2 Re8 25. Bd2 Qxf1+ 26. Rxf1 Kf8 27. Ba5 Ke7 28.
Bb6 Rc8 29. Rf2 Nc6 30. Kf1 Bh6 31. Ke1 Be3 32. Rg2 Ne5 33. Kd1 h5 34. g4 hxg4
35. Bxg4 Rh8 36. h5 Nxg4 37. Rxg4 gxh5 38. Rh4 Kxe6 39. Rh3 d5 40. c3 dxe4 41.
cxd4 Bg5 42. dxe4 h4 43. Ke2 f5 44. Kd3 fxe4+ 45. Kxe4 Rf8 46. Bc7 Rf5 47. Be5
Rf1 1/2-1/2